000 00878nam a22002537a 4500
003 BDDh-ASL
005 20231015031012.0
008 220914s1931 xx ||||| |||| 00| 0 urd d
040 _aBDDh-ASL
_cBDDh-ASL
041 _aurd
082 _a297
_bFAT
100 1 _96491
_aFarahi, Hamiduddin
245 1 0 _aTafsir Sura Ikhlas : / تفسير سورۂ اخلاص
246 _aTafsir Sura Lahab : / تفسير سورۂ لہب
246 _aTafsir Sura Fil : / تفسير سورۂ فيل
246 _aTafsir Sura Kafirun : / تفسير سورۂ کافرون
246 _aTafsir Sura Wattin : / تفسير سورۂ والتين
246 _aTafsir Suratus Shams : / تفسير سورۃ الشمس
246 _aTafsire Sura Abasa : / تفسير سورۂ عبس
260 _c1931.
300 _a38 p. :
_c18 cm.
650 0 _94705
_aTafsir
942 _2ddc
_cBK
999 _c29164
_d29164